Statistics for UEFA Euro 2008 Results

Click here to take the quiz!

General Stats

  • This quiz has been taken 44 times
  • The average score is 15 of 16

Answer Stats

Answer % Correct
Spain
100%
Italy
100%
Germany
97%
Austria
95%
Portugal
95%
Czech Republic
92%
Netherlands
92%
France
89%
Greece
89%
Poland
89%
Russia
89%
Switzerland
89%
Croatia
87%
Sweden
87%
Turkey
82%
Romania
76%

Score Distribution

Percentile by Number Answered

Percent of People with Each Score

Your Score History

You have not taken this quiz